Theorie der gewöhnlichen differentialgleichungen : (Record no. 6475)
[ view plain ]
| 000 -LEADER | |
|---|---|
| fixed length control field | 00970nam a2200277 4500 |
| 001 - CONTROL NUMBER | |
| control field | 6475 |
| 003 - CONTROL NUMBER IDENTIFIER | |
| rucl marc code | BD-RjUL |
| 005 - DATE AND TIME OF LATEST TRANSACTION | |
| control field | 20211208234242.0 |
| 008 - FIXED-LENGTH DATA ELEMENTS--GENERAL INFORMATION | |
| fixed length control field | 140111s1965 wb a 001 0 ger d |
| 035 ## - SYSTEM CONTROL NUMBER | |
| System control number | (BD-RjUL)6516 |
| -- | CURL 05lc64022704(Lon) from wsc214 |
| 040 ## - CATALOGING SOURCE | |
| Original cataloging agency | DLC/ICU |
| Transcribing agency | ICU |
| Language of cataloging | eng |
| Modifying agency | BD-RjUL |
| 041 ## - LANGUAGE CODE | |
| Language code of text/sound track or separate title | eng |
| 082 00 - DEWEY DECIMAL CLASSIFICATION NUMBER | |
| Classification number | 517.38 |
| Author mark and year | BIT 1965 |
| 100 1# - MAIN ENTRY--PERSONAL NAME | |
| Personal name | Bieberbach, Ludwig, |
| Dates associated with a name | 1886-1982 |
| 9 (RLIN) | 20381 |
| 245 10 - TITLE STATEMENT | |
| Title | Theorie der gewöhnlichen differentialgleichungen : |
| Remainder of title | auf funktionentheoretischer Grundlage dargestellt / |
| Statement of responsibility, etc. | by von Ludwig Bieberbach |
| 250 ## - EDITION STATEMENT | |
| Edition statement | 2. umgearb. und erweiterte Aufl |
| 260 ## - PUBLICATION, DISTRIBUTION, ETC. (IMPRINT) | |
| Place of publication, distribution, etc. | Berlin : |
| Name of publisher, distributor, etc. | Springer-Verlag, |
| Date of publication, distribution, etc. | 1965. |
| 300 ## - PHYSICAL DESCRIPTION | |
| Pagination | xi, 389 p. ; |
| Size | 24 cm |
| 490 1# - SERIES STATEMENT | |
| Series statement | Grundlehren der mathematischen Wissenschaften ; |
| Volume/sequential designation | Bd.66 |
| 650 #0 - SUBJECT ADDED ENTRY--TOPICAL TERM | |
| Topical term or geographic name as entry element | Differential equations |
| 9 (RLIN) | 20382 |
| 830 #0 - SERIES ADDED ENTRY--UNIFORM TITLE | |
| Volume number/sequential designation | Bd.66 |
| Uniform title | Grundlehren der mathematischen Wissenschaften ; |
| 942 ## - ADDED ENTRY ELEMENTS (KOHA) | |
| Source of classification or shelving scheme | Dewey Decimal Classification |
| Koha item type | Books |
| Lost status | Source of classification or shelving scheme | Damaged status | Not for loan | Collection code | Permanent Location | Current Location | Shelving location | Date acquired | Source of acquisition | Cost, normal purchase price | Total Checkouts | Full call number | Date last seen | Copy number | Koha item type |
|---|---|---|---|---|---|---|---|---|---|---|---|---|---|---|---|
| Dewey Decimal Classification | Not For Loan | Non-fiction | Central Library, University of Rajshahi | Central Library, University of Rajshahi | 31/12/1964 | Zeithlinger. | 326.40 | 517.38 BIT 1965 | 11/01/2014 | C-1 | Books |